L'idée de volonté dans le stoïcisme.

I tiakina i:
Ngā taipitopito rārangi puna kōrero
Kaituhi matua: Voelke, André-Jean (auteur)
Hōputu: Pukapuka
Reo:Ingarihi
I whakaputaina: Paris, France: Presses Universitaires de France, 1973.
Rangatū:Bibliothèque de philosophie contemporaine. Histoire de la philosophie et philosophie générale.
Ngā marau:
Ngā Tūtohu: Tāpirihia he Tūtohu
Kāore He Tūtohu, Me noho koe te mea tuatahi ki te tūtohu i tēnei pūkete!

MARC

LEADER 00000nam a22000007a 4500
003 CL-VaPUC
005 20220822114820.0
008 220804t1973 ||||| |||| 00| 0 eng d
999 |c 438007  |d 438005 
040 |c Pontificia Universidad Católica de Valparaíso 
082 |2 22  |a 188 VOE 1973 
100 |9 874862  |a Voelke, André-Jean  |e auteur  
245 |a L'idée de volonté dans le stoïcisme.  
260 |a Paris, France:   |b Presses Universitaires de France,   |c 1973. 
300 |a 216 páginas.  
490 |a Bibliothèque de philosophie contemporaine. Histoire de la philosophie et philosophie générale. 
500 |a c.1 Donación Familia Prof. Alejandro Guzmán Brito. 
511 |a Ouvrage publié avec le concours du C.N.R.S.  
583 |c 20220804  |k Yessy Sthefany Diaz Vidal 
650 0 |9 866232  |a Filosofía estoica 
650 0 |9 755215  |a Estoicismo 
650 0 |9 334583  |a Libre albedrío  |x Filosofía 
942 |2 ddc  |c BK  |n 0 
952 |0 0  |1 0  |2 ddc  |4 0  |6 188_000000000000000_VOE_1973  |7 0  |8 C_AGB  |9 585873  |a BIBDER  |b BIBDER  |d 2022-08-04  |e Donación   |i 5652213  |o 188 VOE 1973  |p 5652213  |r 2023-01-25  |t 1  |w 2022-08-04  |y BK_US  |k AGB